Екатерина II и Станислав Август. Два просвещенных правителя (Запись № 11499308)

Подробности
000 -МАРКЕР
контрольное поле 03028nam0a2200433 i 4500
001 - ИДЕНТИФИКАТОР ЗАПИСИ
контрольное поле RU\NLR\BIBL_A\011117280
005 - ИДЕНТИФИКАТОР ВЕРСИИ
контрольное поле 20260406133945.0
010 ## - МЕЖДУНАРОДНЫЙ СТАНДАРТНЫЙ НОМЕР КНИГИ (ISBN)
Номер (ISBN) 9785935726393
Тираж 1000
021 ## - НОМЕР ГОСУДАРСТВЕННОЙ РЕГИСТРАЦИИ
Код страны российская федерация
Номер 2016-42536
Номер Листа государственной регистраци 2726
035 ## - ДРУГИЕ СИСТЕМНЫЕ НОМЕРА
Идентификатор записи (NLR Aleph) 011117280
100 ## - ДАННЫЕ ОБЩЕЙ ОБРАБОТКИ
Данные общей обработки 20160428d2016 k y0rusy50 ca
101 0# - ЯЗЫК РЕСУРСА
Язык текста, звукозаписи и т.д. русский
Язык резюме английский
102 ## - СТРАНА ПУБЛИКАЦИИ ИЛИ ПРОИЗВОДСТВА
Страна публикации российская федерация
105 ## - ПОЛЕ КОДИРОВАННЫХ ДАННЫХ: ТЕКСТОВЫЕ МАТЕРИАЛЫ, МОНОГРАФИЧЕСКИЕ
Кодированные данные о монографическом текстовом документе ach z 001zy
200 1# - ЗАГЛАВИЕ И СВЕДЕНИЯ ОБ ОТВЕТСТВЕННОСТИ
Основное заглавие Екатерина II и Станислав Август. Два просвещенных правителя
Параллельное заглавие Catherine the Great and Stanislaw August. Two enlightened monarchs
Сведения, относящиеся к заглавию каталог выставки,[Санкт-Петербург, 7 декабря 2015 - 21 мая 2016 года
Первые сведения об ответственности вступ. слово: Михаил Пиотровский
Последующие сведения об ответственности авт. ст.: С. О. Андросов и др.
-- авт. аннот.: С. О. Андросов и др.]
Язык параллельного заглавия английский
210 ## - ПУБЛИКАЦИЯ, РАСПРОСТРАНЕНИЕ И ДР.
Место издания, распространения и т.д. Санкт-Петербург
Имя издателя, распространителя и т. д. Изд-во Государственного Эрмитажа
Дата издания, распространения и т.д. 2016
-- [т. е. 2015]
215 ## - ФИЗИЧЕСКАЯ ХАРАКТЕРИСТИКА
Специфическое обозначение материала и объем 310, [1] с.
Другие сведения о физической характеристике ил., цв. ил., портр., факс.
Размеры 28
300 ## - ОБЩИЕ ПРИМЕЧАНИЯ
Текст примечания Кн. фактически изд. в 2015 г.
300 ## - ОБЩИЕ ПРИМЕЧАНИЯ
Текст примечания В надзаг.: Гос. Эрмитаж
300 ## - ОБЩИЕ ПРИМЕЧАНИЯ
Текст примечания Рез. на англ. яз.
316 ## - ПРИМЕЧАНИЯ ОБ ОСОБЕННОСТЯХ ЭКЗЕМПЛЯРА
Текст примечания Экслибрис: Дар Эрмитажа
Организация и экземпляр, к которому относится поле NLR
320 ## - ПРИМЕЧАНИЯ О НАЛИЧИИ В ДОКУМЕНТЕ БИБЛИОГРАФИИ / УКАЗАТЕЛЯ
Текст примечания Библиогр.: с. 298-309 и в тексте
510 1# - ПАРАЛЛЕЛЬНОЕ ЗАГЛАВИЕ
Параллельное заглавие Catherina the Great and Stsnislaw August. Two enlihtened monarchs
Язык заглавия английский
601 02 - НАИМЕНОВАНИЕ ОРГАНИЗАЦИИ КАК ПРЕДМЕТ
Начальный элемент ввода Государственный Эрмитаж
Идентифицирующий признак Санкт-Петербург, город
Формальный подзаголовок Каталоги
Тематический подзаголовок Коллекция изобразительного искусства
-- Выставки
Хронологический подзаголовок 2015 - 2016
Системный номер авторитетной/нормативной записи 2263886
Идентификатор авторитетной/нормативной записи RU\NLR\AUTH\6601586873
606 1# - НАИМЕНОВАНИЕ ТЕМЫ КАК ПРЕДМЕТ
Наименование темы Изобразительное искусство
Формальный подзаголовок Каталоги
Тематический подзаголовок Выставки
Географический подзаголовок Европа Западная
-- Санкт-Петербург, город
Хронологический подзаголовок 2015 - 2016
Системный номер авторитетной/нормативной записи 2282674
Идентификатор авторитетной/нормативной записи RU\NLR\AUTH\6601595633
606 1# - НАИМЕНОВАНИЕ ТЕМЫ КАК ПРЕДМЕТ
Наименование темы Изобразительное искусство русское
Формальный подзаголовок Каталоги
Тематический подзаголовок Выставки
Географический подзаголовок 18 - 19 вв.
-- Санкт-Петербург, город
Хронологический подзаголовок 2015 - 2016
Системный номер авторитетной/нормативной записи 2282676
Идентификатор авторитетной/нормативной записи RU\NLR\AUTH\6601595634
686 1# - ИНДЕКСЫ ДРУГИХ КЛАССИФИКАЦИЙ
Индекс Щ101.3(2Р)-2Петербург2Эрмитаж л62
686 1# - ИНДЕКСЫ ДРУГИХ КЛАССИФИКАЦИЙ
Индекс Щ103(0)л62
686 1# - ИНДЕКСЫ ДРУГИХ КЛАССИФИКАЦИЙ
Индекс Щ103(2Р=Рус)5л62
702 #0 - ИМЯ ЛИЦА - ВТОРИЧНАЯ ОТВЕТСТВЕННОСТЬ
Код отношения Прочие
Материалы, к которым относится поле rus
Графика поля Кириллица
Начальный элемент ввода Екатерина
Дополнения к именам, кроме дат императрица российская
Римские цифры II
Даты 1729-1796
Идентификатор авторитетной/нормативной записи RU\NLR\AUTH\772098
Системный номер авторитетной/нормативной записи 112115
702 #1 - ИМЯ ЛИЦА - ВТОРИЧНАЯ ОТВЕТСТВЕННОСТЬ
Код отношения Прочие
Материалы, к которым относится поле rus
Графика поля Кириллица
Начальный элемент ввода Понятовский
Часть имени, кроме начального элемента ввода С. А.
Дополнения к именам, кроме дат король польский
Даты 1732-1798
Расширение инициалов личного имени Станислав Август
Идентификатор авторитетной/нормативной записи RU\NLR\AUTH\7786958
Системный номер авторитетной/нормативной записи 69886
711 12 - НАИМЕНОВАНИЕ ОРГАНИЗАЦИИ - АЛЬТЕРНАТИВНАЯ ОТВЕТСТВЕННОСТЬ
Начальный элемент ввода "Екатерина II и Станислав Август. Два просвещенных правителя", выставка
Место проведения временной организации Санкт-Петербург
Дата проведения временной организации 2015-2016
Системный номер авторитетной/нормативной записи 516143
Идентификатор авторитетной/нормативной записи RU\NLR\AUTH\880425797
942 ## - ДОПОЛНИТЕЛЬНЫЕ ЭЛЕМЕНТЫ ЗАПИСИ (АБИС)
Тип экземпляра АБИС Книга
980 ## - КОЛЛЕКЦИЯ
Название коллекции НБР

Нет доступных экземпляров.